00505nam a2200145Ia 4500008004100000041000800041082001600049100002300065245004500088260004200133300003000175365000900205999001500214952013000229240624s9999 xx 000 0 und d aeng a658.473 BIE aBIEGELMAN MARTIN T aEXECUTIVE ROADMAP TO FRAUD PREVENTION AN c2006aNew JerseybJohn Wiley and Sons axx, : 395 : p. : cm. ; 23 cb27 c4608d4608 00104070aIMTNbIMTNcRack 33-Ad2007-02-28eIBHg39.95n576o658.473 BIEp4608r2024-06-24 00:00:00t44.28w2024-06-24yBK